Ecotactics : The sierra club handbook for envionment activists
Wedi'i Gadw mewn:
| Prif Awdur: | |
|---|---|
| Fformat: | Llyfr |
| Iaith: | Undetermined |
| Cyhoeddwyd: |
New York
Pocket Books
1970
|
| Pynciau: | |
| Tagiau: |
Ychwanegu Tag
Dim Tagiau, Byddwch y cyntaf i dagio'r cofnod hwn!
|
| Thư viện lưu trữ: | Trung tâm Học liệu Trường Đại học Cần Thơ |
|---|
| LEADER | 00525nam a2200193Ia 4500 | ||
|---|---|---|---|
| 001 | CTU_78616 | ||
| 008 | 210402s9999 xx 000 0 und d | ||
| 082 | |a 363.7 | ||
| 082 | |b M681 | ||
| 100 | |a Mitchell, John G. | ||
| 245 | 0 | |a Ecotactics : | |
| 245 | 4 | |b The sierra club handbook for envionment activists | |
| 245 | 0 | |c John G. Mitchell | |
| 260 | |a New York | ||
| 260 | |b Pocket Books | ||
| 260 | |c 1970 | ||
| 650 | |a Environmental | ||
| 650 | |z United States | ||
| 980 | |a Trung tâm Học liệu Trường Đại học Cần Thơ | ||